000 02463pam a2200409 a 4500
005 20080710151859.0
008 080710t xxu||||| |||| 00| 0 eng d
010 _aB-270041-046
020 _a0753405067
035 _aB-270041-046
037 _bGrolier
040 _aDPL
_bEN
082 _a788.32
100 _aPaker, Josephine
245 _aI wonder why flutes have holes :
_band other questions about music /
_cby Josephine Paker.
260 _aLondon
_bKingfisher Publications
_c2007
270 _aNew Penderel Houes, 283-288 High Holborn,
_bLondon
300 _a32 p. :
_bcol. ill. ;
_c29 cm.
490 _aI wonder why
500 _aIncludes index.
500 _aThis book is published in 24 vol.
650 _aMusic
_xMiscellanea
_xJuvenile literature.
650 _aMusic
_xMiscellanea.
650 _aQuestions and answers.
830 _aI wonder why (New York, N.Y.)
856 _3Publisher description
_uhttp://www.loc.gov/catdir/description/hm021/94045002.html
942 _2ddc
_cCH
_h788.32
_mPAK
999 _c14386
_d14386